Capitals of NUTS I, II and III - Portugal - Statistics

General Stats
  • This quiz has been taken 100 times
    79 since last reset
  • The average score is 16 of 31
Answer Stats
NUTS I Capital % Correct
Continente Lisbon
97%
R. A. Madeira Funchal
74%
Algarve Faro
64%
Grande Lisboa Lisbon
64%
R. A. Açores Ponta Delgada
64%
Norte Porto
64%
A. M. Porto Porto
64%
Península de Setúbal Setúbal
64%
Alentejo Évora
62%
Oeste e Vale do Tejo Santarém/Caldas da Rainha/Tomar
59%
Alto Minho Viana do Castelo
59%
Centro Coimbra
56%
Região de Aveiro Aveiro
51%
Região de Coimbra Coimbra
51%
Região de Leiria Leiria
51%
Baixo Alentejo Beja
49%
Cávado Braga
49%
Terras de Trás-os-Montes Bragança
49%
Beira Baixa Castelo Branco
49%
Alentejo Central Évora
49%
Beiras e Serra da Estrela Guarda
49%
Lezíria do Tejo Santarém
49%
Alto Alentejo Portalegre
46%
Alto Tâmega e Barroso Chaves
44%
Douro Vila Real
44%
Ave Guimarães
38%
Alentejo Litoral Grândola
36%
Oeste Caldas da Rainha
33%
Tâmega e Sousa Penafiel
28%
Médio Tejo Tomar
28%
Viseu Dão-Lafões Tondela
28%
No matching quizzes found
Score Distribution
Percent of People with Each Score
Percentile by Number Answered
Your Score History
You have not taken this quiz since the last reset